El cofre y la llave /

Poemas de Leonardo Zamudio, escritor nacido en Morelia y también autor de Cosecha de otoño, Del fondo del arco y La piedra en medio del río.

Uloženo v:
Podrobná bibliografie
Hlavní autor: Zamudio, Leonardo (autor)
Médium: Kniha
Jazyk:španělština
Vydáno: México : Ediciones del Equilibrista, 1995, c1995
Edice:(El Taller del Equilibrista)
Témata:
Tagy: Přidat tag
Žádné tagy, Buďte první, kdo vytvoří štítek k tomuto záznamu!

MARC

LEADER 00000nam^a2200000^a^4500
001 000134831
005 20250521000000.0
009 20260310095222.064
020 |a 968-7318-23-6 
037 |a Acervo ITESO - Biblioteca 
041 |a ESP 
082 |a 861.  |b ZAM 
100 |a Zamudio, Leonardo  |e (autor) 
245 1 3 |a El cofre y la llave /  |c L. Zamudio. 
264 4 |a México :  |b Ediciones del Equilibrista,  |c 1995, c1995 
300 |a 184 p. 
336 |a texto  |b txt  |2 rdacontenido 
337 |a sin mediación  |b n  |2 rdamedio 
338 |a volumen  |b nc  |2 rdasoporte 
440 4 |a (El Taller del Equilibrista) 
520 |a Poemas de Leonardo Zamudio, escritor nacido en Morelia y también autor de Cosecha de otoño, Del fondo del arco y La piedra en medio del río. 
649 |a XX 
650 |a Poesía Mexicana 
650 |a Literatura Mexicana -  |y Siglo XX 
910 |a Fondo General 
920 |a Impresos - Libros 
930 |a Colección General 
940 |a Literatura 
905 |a 101 
901 |a 0500064365  |b IT1  |c LIT  |u 20250521 
902 |a https://opac.biblio.iteso.mx/vufind/Record/000134831